000
00303nam a2200109Ia 4500
008
171204s9999 xx 000 0 und d
245
_a
iPhone For Seniors For Dummies:
245
_c
Nancy C. Muir
260
_c
2016
650
_x
Mobile Technology
856
_u
http://down.ebook777.com/035/1119293480.pdf
999
_c
347223
_d
347223